<?xml version="1.0" encoding="UTF-8"?><?xml-stylesheet type="text/xsl" href="static/style.xsl"?><OAI-PMH xmlns="http://www.openarchives.org/OAI/2.0/" xmlns:xsi="http://www.w3.org/2001/XMLSchema-instance" xsi:schemaLocation="http://www.openarchives.org/OAI/2.0/ http://www.openarchives.org/OAI/2.0/OAI-PMH.xsd"><responseDate>2026-06-29T02:43:35Z</responseDate><request verb="GetRecord" identifier="oai:docta.ucm.es:20.500.14352/104120" metadataPrefix="marc">https://docta.ucm.es/rest/oai/request</request><GetRecord><record><header><identifier>oai:docta.ucm.es:20.500.14352/104120</identifier><datestamp>2024-11-15T13:40:00Z</datestamp><setSpec>com_20.500.14352_14</setSpec><setSpec>col_20.500.14352_15</setSpec></header><metadata><record xmlns="http://www.loc.gov/MARC21/slim" xmlns:dcterms="http://purl.org/dc/terms/" xmlns:xsi="http://www.w3.org/2001/XMLSchema-instance" xmlns:doc="http://www.lyncode.com/xoai" xsi:schemaLocation="http://www.loc.gov/MARC21/slim http://www.loc.gov/standards/marcxml/schema/MARC21slim.xsd">
   <leader>00925njm 22002777a 4500</leader>
   <datafield ind2=" " ind1=" " tag="042">
      <subfield code="a">dc</subfield>
   </datafield>
   <datafield ind2=" " ind1=" " tag="720">
      <subfield code="a">Chinchilla Rodríguez, Blanca</subfield>
      <subfield code="e">author</subfield>
   </datafield>
   <datafield ind2=" " ind1=" " tag="720">
      <subfield code="a">Vázquez Fernández, Esther</subfield>
      <subfield code="e">author</subfield>
   </datafield>
   <datafield ind2=" " ind1=" " tag="720">
      <subfield code="a">Rebollada Merino, Agustín Miguel</subfield>
      <subfield code="e">author</subfield>
   </datafield>
   <datafield ind2=" " ind1=" " tag="720">
      <subfield code="a">Pérez Sancho, Marta</subfield>
      <subfield code="e">author</subfield>
   </datafield>
   <datafield ind2=" " ind1=" " tag="720">
      <subfield code="a">Domínguez Rodríguez, Lucas José</subfield>
      <subfield code="e">author</subfield>
   </datafield>
   <datafield ind2=" " ind1=" " tag="720">
      <subfield code="a">Rodríguez Bertos, Antonio Manuel</subfield>
      <subfield code="e">author</subfield>
   </datafield>
   <datafield ind2=" " ind1=" " tag="260">
      <subfield code="c">2023-05-21</subfield>
   </datafield>
   <datafield ind2=" " ind1=" " tag="520">
      <subfield code="a">Flavobacterium psychrophilum affects many cultured fish species and is considered one of the most important bacterial pathogens causing substantial economic losses in salmonid aquaculture worldwide. Here, F. psychrophilum was identified by matrix-assisted laser desorption ionization time-of-flight mass spectrometry (MALDI-TOF MS) and nested PCR as the aetiological agent causing mortality in diseased juvenile Siberian sturgeons (Acipenser baerii) reared on a freshwater fish farm. Diseased sturgeons were lethargic and displayed dark skin pigmentation, increased mucus production and the presence of skin ulcerations and haemorrhages specially on the ventral side and the base of fins. The histological examination of fish revealed proliferative branchitis, ulcerative and necrotizing dermatitis and myositis, lymphoid tissue atrophy, liver and kidney degeneration and thrombosis. To the best of our knowledge, this is the first report describing the infection of Siberian sturgeons by F. psychrophilum. The detection of F. psychrophilum in diseased Siberian sturgeons and the description of the pathological findings observed during the outbreak may contribute to a better understanding of the bacterium pathogenicity and the range of fish species susceptible to infection.</subfield>
   </datafield>
   <datafield ind1="8" ind2=" " tag="024">
      <subfield code="a">Chinchilla, B., Vázquez-Fernández, E., Rebollada-Merino, A., Pérez-Sancho, M., Domínguez, L., &amp; Rodríguez-Bertos, A. (2023). First detection of Flavobacterium psychrophilum in juvenile Siberian sturgeons (Acipenser baerii) and description of the pathological findings. Journal of fish diseases, 46(8), 887–894. https://doi.org/10.1111/jfd.13801</subfield>
   </datafield>
   <datafield ind1="8" ind2=" " tag="024">
      <subfield code="a">10.1111/jfd.13801</subfield>
   </datafield>
   <datafield ind1="8" ind2=" " tag="024">
      <subfield code="a">https://hdl.handle.net/20.500.14352/104120</subfield>
   </datafield>
   <datafield ind1="8" ind2=" " tag="024">
      <subfield code="a">1365-2761</subfield>
   </datafield>
   <datafield ind1="8" ind2=" " tag="024">
      <subfield code="a">https://doi.org/10.1111/jfd.13801</subfield>
   </datafield>
   <datafield ind1="8" ind2=" " tag="024">
      <subfield code="a">37210748</subfield>
   </datafield>
   <datafield ind2="0" ind1="0" tag="245">
      <subfield code="a">First detection of Flavobacterium psychrophilum in juvenile Siberian sturgeons (Acipenser baerii) and description of the pathological findings</subfield>
   </datafield>
</record></metadata></record></GetRecord></OAI-PMH>